000 00973nac a22002411u 4500
010 _a 2001051914
020 _a006116139* (pbk.)
020 _a9780061161391 :
082 0 0 _a394.10973
_bSCH
090 _c5059
_d5059
100 _aSchlosser, Eric.
245 1 0 _aFast food nation :
_bthe dark side of the all-American meal /
_cEric Schlosser ; [with a new afterword].
250 _a1st Harper Perennial ed.
260 _aNew York, NY :
_bPerennial,2005.
_c2005.
300 _a383 p.
_c21 cm.
500 _aOriginally published: New York : Houghton Mifflin, 2001.
504 _aIncludes bibliographical references (p. [356]-361) and index.
650 0 _aFast food restaurants
_zUnited States.
650 0 _aFood industry and trade
_zUnited States.
650 0 _aConvenience foods
_zUnited States.
856 4 2 _3Publisher description
_uhttp://www.loc.gov/catdir/description/hc043/2001051914.html
942 _cBB
_k394.10973SCH
999 _c5059
_d5059